Casos de violencia juvenil, teorías de las subculturas criminales y miedos sociales /

Na minha lista:
Detalhes bibliográficos
Autor principal: Guemureman, Silvia
Formato: Texto
Tags: Adicionar Tag
Sem tags, seja o primeiro a adicionar uma tag!

MARC

LEADER 00000 a a2200000 04500
001 44347
003
040
100 |a Guemureman, Silvia  
245 |a Casos de violencia juvenil, teorías de las subculturas criminales y miedos sociales /  |c Silvia Guemureman  
773 |g volumen2, páginas 123-149 : tablas  
999 |c 19826  |d 19826